Digitálna architektúra FA STU 2009 [spracované v rámci grantovej úlohy VEGA č. 1/0851/08 (FA 184/08) "Voľné modelovanie v architektúre"]

Bibliographic Details
Main Author: Šimkovič, Vladimír, 1953- (Author, Compiler)
Format: Book
Language:Slovak
PhysicalDescription:108 s. ilustr., fotogr. 29 cm
Published: Bratislava Slovenská technická univerzita 2009
ISBN:9788022732208
Edition:[1. vyd.]
Subjects:

MARC

LEADER 00000nam a2200000 a 4500
001 vtls010088423
003 SK-MaSNL
005 20260302044646.0
008 220720s2009 xo ol d p 000 0 slo
015 |a SNBA2010/06-03069 
020 |a 9788022732208  |q (brož.) 
035 |a 7e17179d-9dc6-4417-a4d9-4d0579851396 
035 |a urn:nbn:sk:snk-amjtic 
035 |a urn:nbn:sk:snk:ar-a0cprg 
040 |a SNK  |b slo  |c SNK  |e AACR2 
041 0 |a slo 
044 |a xo  |c SK 
072 7 |a 72  |x Architektúra  |2 konspekt 
072 7 |a 004.9  |x Špeciálne počítačové metódy. Počítačová grafika  |2 konspekt 
080 |a 72  |2 2001 
080 |a 004.94  |2 2001 
080 |a 621.3.037.37  |2 2001 
080 |a (082)  |2 2001 
080 |a 004.92  |2 2001 
100 1 |a Šimkovič, Vladimír,  |d 1953-  |4 aut  |4 com  |9 218916 
245 1 0 |a Digitálna architektúra FA STU 2009  |b [spracované v rámci grantovej úlohy VEGA č. 1/0851/08 (FA 184/08) "Voľné modelovanie v architektúre"]  |c Vladimír Šimkovič a kolektív 
250 |a [1. vyd.] 
260 |a Bratislava  |b Slovenská technická univerzita  |c 2009 
300 |a 108 s.  |b ilustr., fotogr.  |c 29 cm 
504 |a Bibliogr. odkazy 
650 0 7 |a architektúra  |2 SNKPH  |9 722 
650 0 7 |a modelovanie a simulácia  |2 SNKPH  |9 3666 
650 0 7 |a digitálna technika  |2 SNKPH  |9 66696 
650 0 7 |a počítačová grafika  |2 SNKPH  |9 1829 
655 7 |a zborníky  |2 SNKPH  |9 70165 
655 7 |a issue_zb  |2 SNK  |9 276493 
710 2 |a Slovenská technická univerzita v Bratislave.  |b Fakulta architektúry  |4 pbl  |9 124533 
852 |a Štátna vedecká knižnica v Banskej Bystrici 
919 |a 978-80-227-3220-8 
954 |a odborná, vedecká literatúra pôvodná (slovenská)  |2 lita 
958 |a OND 
958 |a ART 
958 |a NB 
968 |d 71/72 
999 |c 1090576  |d 1092506 
952 |a SNK  |b SNK  |y PREZ  |7 0  |p 17A0657411  |o snkSB 79376  |i snk2010/8546  |8 0  |0 0  |1 0  |4 0  |d 2010-04-26  |f 1  |l 0  |r 2025-04-30 00:00:00  |w 2026-02-24 
952 |a SNK  |b SNK  |y VYP  |7 0  |p 17A0657412  |o snkSB 79376 D1  |i snk2010/8547  |8 0  |0 0  |1 0  |4 0  |d 2010-04-26  |l 0  |r 2016-06-30 00:00:00  |w 2026-02-24